[Event "14th Israeli intl it"]
[Site "Netanya ISR"]
[Date "1977.05.31"]
[Round "8"]
[White "Gheorghiu, Florin"]
[Black "Keene, Raymond Dennis"]
[Result "1/2-1/2"]
[WhiteElo "2545"]
[BlackElo "2510"]
[EventDate "1977.05.20"]
[PlyCount "30"]
[Source "ChessBase"]

1.c4 b6 2.Nc3 e6 3.Nf3 Bb7 4.g3 Nf6 5.Bg2 Be7 6.O-O O-O 7.d4 Ne4 8.Qc2 
Nxc3 9.Qxc3 Be4 10.b3 Nc6 11.Bb2 d5 12.Rfd1 Rc8 13.Ne5 Nxe5 14.Bxe4 Nxc4 
15.Bxh7+ Kxh7 1/2-1/2

[Event "14th Israeli intl it"]
[Site "Netanya ISR"]
[Date "1977.05.31"]
[Round "8"]
[White "Liberzon, Vladimir"]
[Black "Kraidman, Yair"]
[Result "1/2-1/2"]
[WhiteElo "2550"]
[BlackElo "2475"]
[EventDate "1977.05.20"]
[PlyCount "95"]
[Source "ChessBase"]

1.e4 e5 2.Nf3 Nc6 3.Bb5 a6 4.Ba4 Nf6 5.O-O Be7 6.Re1 b5 7.Bb3 d6 8.c3 O-O 
9.h3 Nb8 10.d4 Nbd7 11.Nbd2 Bb7 12.Bc2 Re8 13.Nf1 Bf8 14.Ng3 g6 15.a4 c5 
16.d5 Nb6 17.a5 Nc4 18.b4 cxb4 19.cxb4 Rc8 20.Ra2 Re7 21.Bd3 Rec7 22.Rc2 
Ne8 23.h4 h5 24.Ng5 Nf6 25.Nf1 Nh7 26.Nh2 Nxg5 27.Bxg5 f6 28.Bc1 Kh7 29.
Qe2 Bg7 30.Kh1 Qf8 31.Nf3 Kg8 32.Nd2 Nxd2 33.Rxc7 Rxc7 34.Bxd2 Bh6 35.g3 
Bc8 36.Be3 Kh7 37.Kg2 f5 38.exf5 Bxf5 39.Bxf5 Qxf5 40.Bxh6 Kxh6 41.Rc1 
Rxc1 42.Qd2+ Kg7 43.Qxc1 Qe4+ 44.f3 Qe2+ 45.Kg1 Qxf3 46.Qc7+ Kg8 47.Qc8+ 
Kg7 48.Qc7+ 1/2-1/2

[Event "14th Israeli intl it"]
[Site "Netanya ISR"]
[Date "1977.05.31"]
[Round "8"]
[White "Radashkovich, Itchak"]
[Black "Kagan, Shimon"]
[Result "0-1"]
[WhiteElo "2435"]
[BlackElo "2440"]
[EventDate "1977.05.20"]
[PlyCount "84"]
[Source "ChessBase"]

1.d4 g6 2.Nf3 Bg7 3.g3 b5 4.a4 b4 5.Bg2 Bb7 6.c3 bxc3 7.Nxc3 c6 8.Ne5 d5 
9.a5 e6 10.O-O Ne7 11.Bf4 g5 12.Bd2 Ng6 13.Nxg6 hxg6 14.e4 Kf8 15.e5 Kg8 
16.Na4 Bf8 17.Qc1 Ba6 18.Re1 Be7 19.Nc5 Bb5 20.b4 Nd7 21.Nxd7 Qxd7 22.Rb1 
Qd8 23.Re3 Kg7 24.Rc3 Rb8 25.h3 Rh5 26.g4 Rh8 27.Re3 a6 28.Bf1 Qd7 29.Rf3 
Qd8 30.Kg2 Rf8 31.Bxb5 cxb5 32.Qc6 Ra8 33.Rc1 Qb8 34.Rfc3 Qa7 35.Rd3 Rab8 
36.Qc2 Qb7 37.Qc6 Qa7 38.Qc2 Rfd8 39.Qb2 Rbc8 40.Rdc3 Qxd4 41.Be3 Qxe5 42.
Qd2 Rc4 0-1

[Event "14th Israeli intl it"]
[Site "Netanya ISR"]
[Date "1977.06.01"]
[Round "9"]
[White "Dzindzichashvili, Roman"]
[Black "Liberzon, Vladimir"]
[Result "1/2-1/2"]
[WhiteElo "2535"]
[BlackElo "2550"]
[EventDate "1977.05.20"]
[PlyCount "112"]
[Source "ChessBase"]

1.c4 e5 2.Nc3 Nc6 3.Nf3 f5 4.d4 e4 5.Bg5 Be7 6.Bxe7 Qxe7 7.Nd2 Nf6 8.e3 d6
9.b4 O-O 10.b5 Nd8 11.g3 c5 12.bxc6 bxc6 13.Be2 Nf7 14.O-O Ng5 15.h4 Nf7 
16.Kg2 g5 17.hxg5 Nxg5 18.Rh1 Bd7 19.Rb1 Rfb8 20.Rb3 Qg7 21.Qb1 Rxb3 22.
axb3 Rb8 23.Rh4 Be8 24.Qa1 Ne6 25.Qa5 Bg6 26.Qa6 Qb7 27.Qxb7 Rxb7 28.Rh1 
c5 29.dxc5 Nxc5 30.Rb1 Be8 31.b4 Na6 32.c5 Nxb4 33.cxd6 Bc6 34.Bc4+ Kf8 
35.Be6 Bd7 36.Bxd7 Nxd7 37.Nc4 Rb8 38.Na5 Na6 39.Rxb8+ Naxb8 40.Nb5 Kf7 
41.Nxa7 Ke6 42.Nb7 Nf6 43.Nb5 Ke5 44.Nc5 Kd5 45.Nb3 Ke5 46.N3d4 Ng4 47.Na7
Kxd6 48.Nxf5+ Ke5 49.Nd4 Nd7 50.Nb3 Ndf6 51.Nd2 Nd5 52.Nc6+ Kf5 53.Nd4+ 
Ke5 54.Nc4+ Kf6 55.Nb3 Nc3 56.Nc5 h5 1/2-1/2

[Event "14th Israeli intl it"]
[Site "Netanya ISR"]
[Date "1977.06.01"]
[Round "9"]
[White "Keene, Raymond Dennis"]
[Black "Boehm, Hans"]
[Result "1/2-1/2"]
[WhiteElo "2510"]
[BlackElo "2445"]
[EventDate "1977.05.20"]
[PlyCount "30"]
[Source "ChessBase"]

1.c4 e5 2.Nc3 Nc6 3.e3 g6 4.d4 exd4 5.exd4 Bg7 6.Nf3 d6 7.Bg5 Nge7 8.d5 h6
9.Be3 Ne5 10.Nxe5 dxe5 11.Qd2 Nf5 12.Bc5 b6 13.Ba3 Nd6 14.Be2 O-O 15.O-O 
Re8 1/2-1/2

[Event "14th Israeli intl it"]
[Site "Netanya ISR"]
[Date "1977.06.01"]
[Round "9"]
[White "Lederman, Leon"]
[Black "Birnboim, Nathan"]
[Result "1/2-1/2"]
[WhiteElo "2415"]
[BlackElo "2440"]
[EventDate "1977.05.20"]
[PlyCount "56"]
[Source "ChessBase"]

1.e4 c6 2.d4 d5 3.Nc3 dxe4 4.Nxe4 Bf5 5.Ng3 Bg6 6.h4 h6 7.Nf3 Nd7 8.h5 Bh7
9.Bd3 Bxd3 10.Qxd3 Qc7 11.Bd2 e6 12.O-O-O O-O-O 13.Qe2 Ngf6 14.Ne5 Nb6 15.
Ba5 Rd5 16.Bxb6 axb6 17.c4 Ra5 18.Kb1 Bd6 19.f4 Rd8 20.Ne4 Nxe4 21.Qxe4 
Kb8 22.Qe3 Ra4 23.b3 Ra8 24.Rd3 Bxe5 25.dxe5 Rxd3 26.Qxd3 Qe7 27.Rd1 Kc7 
28.g4 Rg8 1/2-1/2

[Event "14th Israeli intl it"]
[Site "Netanya ISR"]
[Date "1977.06.03"]
[Round "10"]
[White "Birnboim, Nathan"]
[Black "Keene, Raymond Dennis"]
[Result "1-0"]
[WhiteElo "2440"]
[BlackElo "2510"]
[EventDate "1977.05.20"]
[PlyCount "81"]
[Source "ChessBase"]

1.d4 e6 2.c4 b6 3.a3 Bb7 4.Nc3 d5 5.cxd5 exd5 6.g3 Nf6 7.Bg2 Be7 8.Nh3 O-O
9.O-O a5 10.Nf4 c6 11.e4 dxe4 12.Nxe4 Nbd7 13.Nc3 Bd6 14.Be3 Rc8 15.Re1 
Re8 16.h3 Ba8 17.Qd3 b5 18.Ne4 Nxe4 19.Bxe4 Nf6 20.Bg2 Qd7 21.Rac1 Nd5 22.
Nxd5 cxd5 23.Rxc8 Rxc8 24.Bd2 a4 25.Bf1 Rb8 26.Bb4 Bxb4 27.axb4 h5 28.Re5 
g6 29.Qe3 Bc6 30.Bg2 Qd6 31.Qe1 Rc8 32.h4 Rc7 33.f4 Kf8 34.f5 Re7 35.Rxe7 
Qxe7 36.Qxe7+ Kxe7 37.Kf2 Kf6 38.fxg6 fxg6 39.Ke3 g5 40.Bh3 Kg6 41.Bc8 1-0

[Event "14th Israeli intl it"]
[Site "Netanya ISR"]
[Date "1977.06.03"]
[Round "10"]
[White "Boehm, Hans"]
[Black "Kagan, Shimon"]
[Result "0-1"]
[WhiteElo "2445"]
[BlackElo "2440"]
[EventDate "1977.05.20"]
[PlyCount "80"]
[Source "ChessBase"]

1.d4 g6 2.c3 d5 3.Bg5 Bg7 4.Nd2 Nf6 5.Ngf3 O-O 6.e3 Nbd7 7.Be2 c5 8.O-O b6
9.a4 a5 10.Re1 Bb7 11.Bb5 Rc8 12.Rc1 Nb8 13.Qb3 Nc6 14.Qa3 Na7 15.Be2 Re8 
16.h3 Nd7 17.Qa2 Bf6 18.Bh6 e5 19.dxe5 Nxe5 20.Bf4 Qe7 21.Rcd1 Rcd8 22.Qb3
Nc8 23.Nxe5 Bxe5 24.Bxe5 Qxe5 25.Bf3 Ba6 26.Nb1 Bc4 27.Qc2 Ne7 28.Na3 Ba6 
29.Qb3 Rd6 30.e4 d4 31.Nb5 Bxb5 32.Qxb5 Nc6 33.Rd3 Red8 34.Red1 Qg5 35.Be2
Ne5 36.R3d2 d3 37.Bg4 h5 38.g3 hxg4 39.h4 Qh5 40.Rxd3 Rxd3 0-1

[Event "14th Israeli intl it"]
[Site "Netanya ISR"]
[Date "1977.06.03"]
[Round "10"]
[White "Kraidman, Yair"]
[Black "Dzindzichashvili, Roman"]
[Result "0-1"]
[WhiteElo "2475"]
[BlackElo "2535"]
[EventDate "1977.05.20"]
[PlyCount "97"]
[Source "ChessBase"]

1.d4 Nf6 2.c4 d6 3.Nc3 e5 4.Nf3 Nbd7 5.Bg5 Be7 6.e3 O-O 7.Bd3 Re8 8.Qc2 h6
9.Bh4 exd4 10.exd4 Nh5 11.Bg3 Nxg3 12.hxg3 Bf8+ 13.Kd2 Nf6 14.Rae1 c6 15.
Rxe8 Qxe8 16.Ne4 Nxe4+ 17.Bxe4 Qd8 18.Kc1 Qf6 19.Qb3 a5 20.Re1 a4 21.Qb6 
a3 22.Bc2 axb2+ 23.Kxb2 Be6 24.Qxb7 Qd8 25.Qxc6 Qa5 26.a4 Rc8 27.Qb5 Qa7 
28.Kc1 g6 29.Rxe6 fxe6 30.Bxg6 Bg7 31.Bc2 Qc7 32.Bd3 Rb8 33.Qa6 Kf7 34.Kc2
d5 35.c5 Bxd4 36.c6 Rb6 37.Qa8 Qxc6+ 38.Qxc6 Rxc6+ 39.Kd2 Bc3+ 40.Ke2 e5 
41.Bb5 Rc7 42.Nh4 Kf6 43.f3 Ba5 44.Bd3 Rc3 45.g4 Ra3 46.Nf5 Ra2+ 47.Kf1 
Rd2 48.Bb5 h5 49.gxh5 0-1

[Event "14th Israeli intl it"]
[Site "Netanya ISR"]
[Date "1977.06.03"]
[Round "10"]
[White "Liberzon, Vladimir"]
[Black "Lederman, Leon"]
[Result "1/2-1/2"]
[WhiteElo "2550"]
[BlackElo "2415"]
[EventDate "1977.05.20"]
[PlyCount "52"]
[Source "ChessBase"]

1.c4 e5 2.Nc3 Nf6 3.Nf3 Nc6 4.g3 Bb4 5.Bg2 O-O 6.Nd5 e4 7.Nh4 Re8 8.O-O 
Bc5 9.d3 exd3 10.Qxd3 Nxd5 11.cxd5 Ne5 12.Qc2 d6 13.b3 a5 14.Bb2 a4 15.
Rad1 axb3 16.axb3 Ng6 17.Nxg6 hxg6 18.e4 Qe7 19.Kh1 f6 20.f4 Bg4 21.Rc1 
Ra2 22.Qc3 Qd7 23.Ra1 Rxa1 24.Rxa1 Bh3 25.Bf3 Bg4 26.Bg2 Bh3 1/2-1/2

[Event "14th Israeli intl it"]
[Site "Netanya ISR"]
[Date "1977.06.04"]
[Round "11"]
[White "Kagan, Shimon"]
[Black "Birnboim, Nathan"]
[Result "1/2-1/2"]
[WhiteElo "2440"]
[BlackElo "2440"]
[EventDate "1977.05.20"]
[PlyCount "101"]
[Source "ChessBase"]

1.e4 Nf6 2.e5 Nd5 3.Nf3 d6 4.d4 Bg4 5.Be2 e6 6.O-O Be7 7.c4 Nb6 8.exd6 
cxd6 9.b3 O-O 10.Bb2 Bf6 11.Nbd2 d5 12.c5 N6d7 13.b4 b6 14.Qb3 Qc7 15.Rac1
Nc6 16.Bb5 bxc5 17.dxc5 Bxb2 18.Qxb2 Bxf3 19.Nxf3 Rab8 20.Bxc6 Qxc6 21.a3 
a5 22.Rb1 Qa4 23.Rfc1 Rfc8 24.Qc3 Nf6 25.Qb3 Qxb3 26.Rxb3 Ne4 27.Rbb1 axb4
28.axb4 f6 29.Nd4 Nd2 30.Rb2 Nc4 31.Rb3 e5 32.Nf5 Kf8 33.Rd3 g6 34.Rxd5 
Rxb4 35.Ne3 Nxe3 36.fxe3 Ke7 37.c6 Rc7 38.Rdc5 Rb2 39.R5c3 Rd2 40.h3 Kd6 
41.Ra3 f5 42.Rac3 g5 43.g3 h6 44.Rf1 Ke6 45.Rb1 Kd5 46.Rb5+ Kd6 47.Rb8 
Rxc6 48.Rd8+ Ke7 49.Rxc6 Rxd8 50.Rxh6 Kf7 51.h4 1/2-1/2

[Event "14th Israeli intl it"]
[Site "Netanya ISR"]
[Date "1977.06.04"]
[Round "11"]
[White "Keene, Raymond Dennis"]
[Black "Liberzon, Vladimir"]
[Result "0-1"]
[WhiteElo "2510"]
[BlackElo "2550"]
[EventDate "1977.05.20"]
[PlyCount "68"]
[Source "ChessBase"]

1.c4 f5 2.d4 Nf6 3.Nc3 g6 4.Bg5 Bg7 5.Qd2 Nc6 6.g3 h6 7.Bxf6 Bxf6 8.Nf3 d6
9.Nd5 e5 10.Nxf6+ Qxf6 11.d5 Ne7 12.Bg2 g5 13.c5 e4 14.Nd4 dxc5 15.Nb5 Qb6
16.Nc3 Bd7 17.O-O O-O-O 18.Qe3 g4 19.Rfd1 h5 20.a3 Rh6 21.Qg5 Qf6 22.Qe3 
Qb6 23.Qg5 Rh7 24.b4 cxb4 25.axb4 Kb8 26.Qd2 Nc8 27.Qg5 Rdh8 28.d6 cxd6 
29.Nd5 Qd8 30.Qe3 h4 31.Rdc1 Bc6 32.Nc3 hxg3 33.hxg3 Qb6 34.Qf4 e3 0-1

[Event "14th Israeli intl it"]
[Site "Netanya ISR"]
[Date "1977.06.04"]
[Round "11"]
[White "Lederman, Leon"]
[Black "Kraidman, Yair"]
[Result "1/2-1/2"]
[WhiteElo "2415"]
[BlackElo "2475"]
[EventDate "1977.05.20"]
[PlyCount "105"]
[Source "ChessBase"]

1.e4 e5 2.Nf3 Nc6 3.Bb5 a6 4.Ba4 Nf6 5.O-O Be7 6.Re1 b5 7.Bb3 d6 8.c3 O-O 
9.d4 Bg4 10.Be3 Na5 11.Bc2 Nc4 12.Bc1 d5 13.b3 Nb6 14.exd5 exd4 15.Bg5 
Nbxd5 16.Qxd4 Bxf3 17.gxf3 h6 18.Bh4 Re8 19.Nd2 c5 20.Qd3 Nf4 21.Qxd8 
Raxd8 22.Rad1 g5 23.Bg3 N6d5 24.Bxf4 Nxf4 25.Ne4 c4 26.bxc4 bxc4 27.Ba4 
Rxd1 28.Rxd1 Rb8 29.Kf1 Kf8 30.Nd2 Rc8 31.Ne4 h5 32.Bc2 h4 33.Rd4 Rb8 34.
Ke1 Rb2 35.Kd2 Rxa2 36.Rxc4 Ra1 37.Bd1 Ng6 38.Rc8+ Kg7 39.Rc7 Ba3 40.Bb3 
Ne5 41.Ke2 Kg6 42.Ra7 Bc1 43.Nd6 Bf4 44.Bc2+ Kg7 45.h3 Ra3 46.Be4 Ra2+ 47.
Kf1 Bd2 48.Rb7 Bxc3 49.Nf5+ Kg8 50.Rb8+ Kh7 51.Nd6+ Kg7 52.Nf5+ Kh7 53.
Nd6+ 1/2-1/2

[Event "14th Israeli intl it"]
[Site "Netanya ISR"]
[Date "1977.06.04"]
[Round "11"]
[White "Radashkovich, Itchak"]
[Black "Gheorghiu, Florin"]
[Result "1/2-1/2"]
[WhiteElo "2435"]
[BlackElo "2545"]
[EventDate "1977.05.20"]
[PlyCount "30"]
[Source "ChessBase"]

1.d4 Nf6 2.c4 g6 3.Nf3 Bg7 4.g3 O-O 5.Bg2 d6 6.O-O Nc6 7.Nc3 a6 8.b3 Rb8 
9.Bb2 b5 10.cxb5 axb5 11.Ne1 Bd7 12.Rc1 b4 13.Nb1 Rb6 14.Nd3 Re8 15.Nd2 e6
1/2-1/2